MARC details
| 000 -LEADER |
| fixed length control field |
02173cam a2200577 a 4500 |
| 001 - CONTROL NUMBER |
| control field |
20434 |
| 003 - CONTROL NUMBER IDENTIFIER |
| control field |
VRT |
| 005 - DATE AND TIME OF LATEST TRANSACTION |
| control field |
20260122140110.0 |
| 008 - FIXED-LENGTH DATA ELEMENTS--GENERAL INFORMATION |
| fixed length control field |
240226s1999 xo gr 000 0 slo |
| 015 ## - NATIONAL BIBLIOGRAPHY NUMBER |
| National bibliography number |
SNBA2004/03-02120 |
| 020 ## - INTERNATIONAL STANDARD BOOK NUMBER |
| International Standard Book Number |
8088834457 |
| 035 ## - SYSTEM CONTROL NUMBER |
| System control number |
SNK000406357 |
| 035 ## - SYSTEM CONTROL NUMBER |
| System control number |
urn:nbn:sk:snk-am3iwjg |
| 035 ## - SYSTEM CONTROL NUMBER |
| System control number |
FA3F3AA4-D302-4E34-8D8E-FED1BEDA1D6F |
| 035 ## - SYSTEM CONTROL NUMBER |
| System control number |
urn:nbn:sk:snk-am00g55u |
| 039 #9 - LEVEL OF BIBLIOGRAPHIC CONTROL AND CODING DETAIL [OBSOLETE] |
| Level of rules in bibliographic description |
202402261925 |
| Level of effort used to assign nonsubject heading access points |
VLOAD |
| Level of effort used to assign subject headings |
202208112043 |
| Level of effort used to assign classification |
AUTHORITY |
| Level of effort used to assign subject headings |
202201070905 |
| Level of effort used to assign classification |
VLOAD |
| Level of effort used to assign subject headings |
202201051645 |
| Level of effort used to assign classification |
VLOAD |
| 040 ## - CATALOGING SOURCE |
| Original cataloging agency |
SNK |
| Language of cataloging |
slo |
| Transcribing agency |
SNK |
| Description conventions |
AACR2 |
| 041 1# - LANGUAGE CODE |
| Language code of text/sound track or separate title |
slo |
| Language code of original |
ger |
| 044 ## - COUNTRY OF PUBLISHING/PRODUCING ENTITY CODE |
| MARC country code |
xo |
| ISO country code |
SK |
| 072 #7 - SUBJECT CATEGORY CODE |
| Subject category code |
14 |
| Subject category code subdivision |
Filozofické systémy a hľadiská |
| Source |
konspekt |
| 080 ## - UNIVERSAL DECIMAL CLASSIFICATION NUMBER |
| Universal Decimal Classification number |
14(430) |
| Edition identifier |
2011 |
| 080 ## - UNIVERSAL DECIMAL CLASSIFICATION NUMBER |
| Universal Decimal Classification number |
930.1 |
| Edition identifier |
2011 |
| 080 ## - UNIVERSAL DECIMAL CLASSIFICATION NUMBER |
| Universal Decimal Classification number |
(049) |
| Edition identifier |
2011 |
| 100 1# - MAIN ENTRY--PERSONAL NAME |
| Personal name |
Hegel, Georg Wilhelm Friedrich, |
| Dates associated with a name |
1770-1831 |
| Relationship |
aut |
| 245 10 - TITLE STATEMENT |
| Title |
Čistý rozum |
| Remainder of title |
vybrané spisy |
| Statement of responsibility, etc. |
Georg Wilhelm Fridrich Hegel, Immanuel Kant ; preložil: Teodor Münz |
| 250 ## - EDITION STATEMENT |
| Edition statement |
[1. vydanie] |
| 260 ## - PUBLICATION, DISTRIBUTION, ETC. |
| Place of publication, distribution, etc. |
Rohovce |
| Name of publisher, distributor, etc. |
Interpopulart Slovakia |
| Date of publication, distribution, etc. |
[1999] |
| 300 ## - PHYSICAL DESCRIPTION |
| Extent |
113 s. |
| Dimensions |
21 cm |
| 490 1# - SERIES STATEMENT |
| Series statement |
Populart. Klasicistická literatúra |
| 490 1# - SERIES STATEMENT |
| Series statement |
Študentská knižnica |
| Volume/sequential designation |
46 |
| 500 ## - GENERAL NOTE |
| General note |
Pravdepodobne preložené z nemčiny |
| 504 ## - BIBLIOGRAPHY, ETC. NOTE |
| Bibliography, etc. note |
Obsahuje bibliografiu ; bibliografické odkazy |
| 600 17 - SUBJECT ADDED ENTRY--PERSONAL NAME |
| Personal name |
Kant, Immanuel, |
| Dates associated with a name |
1724-1804 |
| Source of heading or term |
SNKMA |
| 600 17 - SUBJECT ADDED ENTRY--PERSONAL NAME |
| Personal name |
Hegel, Georg Wilhelm Friedrich, |
| Dates associated with a name |
1770-1831 |
| Source of heading or term |
SNKMA |
| 650 07 - SUBJECT ADDED ENTRY--TOPICAL TERM |
| Topical term or geographic name entry element |
nemecká klasická filozofia |
| Source of heading or term |
SNKPH |
| 650 07 - SUBJECT ADDED ENTRY--TOPICAL TERM |
| Topical term or geographic name entry element |
filozofia dejín |
| Source of heading or term |
SNKPH |
| 650 07 - SUBJECT ADDED ENTRY--TOPICAL TERM |
| Topical term or geographic name entry element |
German philosophy |
| Source of heading or term |
SNKPHeng |
| 650 07 - SUBJECT ADDED ENTRY--TOPICAL TERM |
| Topical term or geographic name entry element |
Philosophy of history |
| Source of heading or term |
SNKPHeng |
| 655 #7 - INDEX TERM--GENRE/FORM |
| Genre/form data or focus term |
rozpravy |
| Source of term |
SNKPH |
| 655 #7 - INDEX TERM--GENRE/FORM |
| Genre/form data or focus term |
Essays |
| Source of term |
SNKPHeng |
| 700 1# - ADDED ENTRY--PERSONAL NAME |
| Personal name |
Münz, Teodor, |
| Dates associated with a name |
1926-2022 |
| Relationship |
trl |
| 830 #0 - SERIES ADDED ENTRY--UNIFORM TITLE |
| Uniform title |
Populart |
| Name of part/section of a work |
Klasicistická literatúra |
| 830 #0 - SERIES ADDED ENTRY--UNIFORM TITLE |
| Uniform title |
Študentská knižnica |
| 910 ## - USER-OPTION DATA (OCLC) |
| User-option data |
snk |
| 942 ## - ADDED ENTRY ELEMENTS (KOHA) |
| Source of classification or shelving scheme |
Dewey Decimal Classification |
| Koha item type |
Krásna literatúra pre dospelých |
| Suppress in OPAC |
No |
| 949 ## - LOCAL PROCESSING INFORMATION (OCLC) |
| 6 |
17A1531218 |
| a |
snkSC 111090 D1 |
| b |
snk2024/7588 |
| o |
149/24 - em |
| 949 ## - LOCAL PROCESSING INFORMATION (OCLC) |
| 6 |
270001000003166 |
| a |
svkbbA 94685-a |
| b |
svkbbm 613248 |
| 949 ## - LOCAL PROCESSING INFORMATION (OCLC) |
| 6 |
270001000003167 |
| a |
svkbbA 94685 |
| b |
svkbbm 612602 |
| o |
oprava väzby |
| 949 ## - LOCAL PROCESSING INFORMATION (OCLC) |
| 6 |
17A0378274 |
| a |
snkSC 111090 |
| b |
snkKSP 3918/2003 |
| s |
6100:20210419 |
| 949 ## - LOCAL PROCESSING INFORMATION (OCLC) |
| 6 |
3830001112445 |
| a |
kurukB18/424 |
| b |
kuruk2016/F5569 |
| o |
D2016/študentka SJ/október 2014 |